Politologie als demokratiewissenschaft /

Αποθηκεύτηκε σε:
Λεπτομέρειες βιβλιογραφικής εγγραφής
Κύριος συγγραφέας: Saage, Richard
Μορφή: Κείμενο
Ετικέτες: Προσθήκη ετικέτας
Δεν υπάρχουν, Καταχωρήστε ετικέτα πρώτοι!

MARC

LEADER 00000 a a2200000 04500
001 47948
003
040
100 |a Saage, Richard  
245 |a Politologie als demokratiewissenschaft /  |c Richard Saage  
773 |g número9, (2014), páginas 11-13  
999 |c 21433  |d 21433